000 00459nam a2200205Ia 4500
001 13263
003 GE_BSU
008 181216s||||||||xx |||||||||||||| ||und||
020 _a9780007488254
040 _cGE_BSU
080 _a821.111-32
100 _aBrown,Alexandra.
245 _aChristmas at Carrington's.
260 _aLondon.
260 _bHarper.
260 _c2013
300 _a360p;20cm.
653 _aChristmas at Carrington's.
942 _cBK
999 _c46425
_d46425